CATÁLOGO PÚBLICO DE LA BIBLIOTECA OSCAR VARSAVSKY

Criterios para la definición de la política tarifaria del servicio eléctrico a nivel nacional. Caso: sector residencial (Registro nro. 1129)

Detalles MARC
000 -CABECERA
campo de control de longitud fija 00532nam a22001697a 4500
001 - NÚMERO DE CONTROL
campo de control T027600013353
008 - DATOS DE LONGITUD FIJA--INFORMACIÓN GENERAL
campo de control de longitud fija 181014b xve||||| m 0 e0p | esp
040 ## - FUENTE DE LA CATALOGACIÓN
Centro catalogador/agencia de origen FEVP
Centro/agencia transcriptor FEVP
099 ## - SIGNATURA TOPOGRÁFICA LOCAL
Sigla especial EVP T-G.P.
Cutter J39
100 ## - ENTRADA PRINCIPAL--NOMBRE DE PERSONA
Apellido (s), Nombre (s) Jaspe P., Jasmin M.
245 ## - MENCIÓN DE TÍTULO
Título Criterios para la definición de la política tarifaria del servicio eléctrico a nivel nacional. Caso: sector residencial
260 ## - PUBLICACIÓN, DISTRIBUCIÓN, ETC. (PIE DE IMPRENTA)
Fecha de publicación, distribución, etc. 1998
300 ## - DESCRIPCIÓN FÍSICA
Extensión v, 152p.
500 ## - NOTA GENERAL
Nota general Impreso
502 ## - NOTA DE TESIS
Nota de tesis TESIS -- Especialista, Especialista en Gerencia Pública
942 ## - ELEMENTOS DE PUNTO DE ACCESO ADICIONAL (KOHA)
Fuente del sistema de clasificación o colocación
Tipo de ítem Koha Tesis
Existencias
Estado de retiro Estado de pérdida Fuente del sistema de clasificación o colocación Estado dañado No para préstamo Localización permanente Ubicación/localización actual Fecha de adquisición Total de préstamos Signatura topográfica completa Código de barras Fecha visto por última vez Precio válido a partir de Tipo de ítem Koha Número de copia
          Oscar Varsavsky Oscar Varsavsky 31.10.2018   EVP T-G.P. J39 T027600017082 31.10.2018 31.10.2018 Tesis  
          Oscar Varsavsky Oscar Varsavsky 31.10.2018   EVP T-G.P. J39 T027600017083 31.10.2018 31.10.2018 Tesis e.2